00779nam a2200181Ia 4500008004100000020001500041041001200056082001600068100001800084245007600102260003300178300000900211650001300220942000700233999001500240952017100255952017100426221030s9999 xx 000 0 und d a8177000160 aEnglish a105.23bSaw aA. K. Sawhney 0aElectrical & Electronic Measurement & Instrumentationcby A. K. Sawhney bDhanpat Rai PubaDelhic2002 a1542 aECE & EE cBK c3261d3261 pBE 5288g250.00l0o105.23 Sawr2024-06-13 00:00:00w2022-10-30yBK003Print4070aMIETLIBbMIETLIBcBL-Academic Block C, FL-2, CUP-31, SH-2, R-2d2005-10-2610HBE pBE 5289g250.00l0o105.23 Sawr2024-06-13 00:00:00w2022-10-30yBK003Print4070aMIETLIBbMIETLIBcBL-Academic Block C, FL-2, CUP-31, SH-4, R-4d2002-06-0410HBE